|
|
|
|
| LEADER |
01073nam a2200241 i 4500 |
| 003 |
GR-PaULI |
| 005 |
20230207122102.0 |
| 008 |
211216s1993 gr ||||| |||| 00| 0 gre d |
| 952 |
|
|
|0 0
|1 0
|2 ddc
|4 0
|6 401_000000000000000_ΒΕΛ
|7 0
|9 366465
|a LISP
|b LISP
|c DON
|d 2022-12-12
|e ΠΑΤ
|i 147227
|l 0
|o 401 ΒΕΛ
|p 025000273635
|r 2022-12-12 00:00:00
|t 1
|w 2022-12-12
|y BKN
|
| 999 |
|
|
|c 214125
|d 214125
|
| 020 |
|
|
|a 9607599810
|
| 040 |
|
|
|a GR-PaULI
|b gre
|c GR-PaULI
|e AACR2
|
| 082 |
0 |
4 |
|2 23
|a 401
|
| 100 |
1 |
|
|a Βέλτσος, Γιώργος Ε.,
|d 1944-
|e συγγραφέας.
|9 3674
|
| 245 |
1 |
0 |
|a Autodafe :
|b για την παρανόηση, την παράγνωση και την παρατυπία /
|c Γιώργος Βέλτσος.
|
| 260 |
|
|
|a Αθήνα :
|b Πλέθρον,
|c 1993.
|
| 300 |
|
|
|a 81 σ. ;
|c 21 εκ.
|
| 490 |
1 |
|
|a Επικοινωνία / Πλέθρον
|
| 650 |
|
4 |
|9 518
|a Γλώσσα και γλώσσες
|x Φιλοσοφία.
|
| 650 |
|
4 |
|9 82521
|a Δυϊσμός
|
| 830 |
|
0 |
|9 185526
|a Επικοινωνία (Πλέθρον)
|
| 942 |
|
|
|2 ddc
|c BK
|
| 998 |
|
|
|c ΜΠΟΥΡΑΣ
|d 2022-12
|